Welcome to CU Library Online Public Access Catalogue (OPAC)

Principles of Applied Statistics/ (Record no. 1305)

MARC details
000 -LEADER
fixed length control field 00594nam a22001817a 4500
005 - DATE AND TIME OF LATEST TRANSACTION
control field 20241118174610.0
008 - FIXED-LENGTH DATA ELEMENTS--GENERAL INFORMATION
fixed length control field 241118b |||||||| |||| 00| 0 eng d
020 ## - INTERNATIONAL STANDARD BOOK NUMBER
International Standard Book Number 9781861525864
050 ## - LIBRARY OF CONGRESS CALL NUMBER
Classification number QA276.12
Item number .F585
100 ## - MAIN ENTRY--PERSONAL NAME
Personal name Fleming, Michael C.
245 ## - TITLE STATEMENT
Title Principles of Applied Statistics/
Remainder of title an integrated approach using MINITAB and Excel
Statement of responsibility, etc. Michael C. Fleming & Joseph G. Nellis
250 ## - EDITION STATEMENT
Edition statement 2nd Ed.
260 ## - PUBLICATION, DISTRIBUTION, ETC.
Place of publication, distribution, etc. Australia
Name of publisher, distributor, etc. South-Western Cengage Learning
Date of publication, distribution, etc. 2000
300 ## - PHYSICAL DESCRIPTION
Extent xx.474p.
Other physical details ill.
Dimensions 24.5cm
650 ## - SUBJECT ADDED ENTRY--TOPICAL TERM
Source of heading or term Statistics
700 ## - ADDED ENTRY--PERSONAL NAME
Personal name Nellis, Joseph G.
942 ## - ADDED ENTRY ELEMENTS (KOHA)
Source of classification or shelving scheme Library of Congress Classification
Koha item type Books
Edition 2nd ed.
Suppress in OPAC No
999 ## -
-- 1305
-- 1305
Holdings
Withdrawn status Lost status Source of classification or shelving scheme Damaged status Not for loan Collection Home library Current library Shelving location Date acquired Total checkouts Full call number Barcode Date last seen Copy number Price effective from Koha item type
    Library of Congress Classification     Non-fiction Science Library (Miotso) Science Library (Miotso) General stacks 11/18/2024   QA276.12 .F585 FLE SLM00000677 11/18/2024 1 11/18/2024 Books
    Library of Congress Classification     Non-fiction Science Library (Miotso) Science Library (Miotso) General stacks 11/22/2024   QA276.12 .F585 FLE SLM00000793 11/22/2024 2 11/22/2024 Books
© 2023-2024 Copyright: Central University Libraries. All Rights Reserved | Created by: Mahone Tech Office